Movies by Emoji #1 (Very Difficult) - Statistics

General Stats
  • This quiz has been taken 20 times
  • The average score is 7 of 25
Answer Stats
Hint Answer % Correct
🚒🧊 Titanic
93%
🀑🎈 It
87%
πŸ‘½ Alien
80%
πŸ”ŽπŸ  Finding Nemo
80%
🧞 aladdin
67%
πŸŸ’πŸ›£ Green mile
47%
β°πŸ€–πŸ”« Terminator
40%
πŸ‡ΊπŸ‡²πŸ”ͺ American psycho
33%
πŸš•πŸ§‘ Taxi Driver
33%
πŸ¦‡πŸ§πŸƒ The Dark Knight
33%
πŸ”΅πŸ§πŸͺ–πŸ€– Avatar
27%
πŸ’ƒπŸ‘ πŸ•πŸ€–πŸ¦πŸ§‘β€πŸŒΎ The Wizard of Oz
27%
πŸ₯(οΎ‰o\/o)οΎ‰=πŸͺ‘ Whiplash
20%
⛏πŸŽ₯ A Minecraft Movie
13%
🌨βšͺπŸ§‘β€πŸŽ„πŸ§‘β€πŸŽ„πŸ§‘β€πŸŽ„πŸ§‘β€πŸŽ„πŸ§‘β€πŸŽ„πŸ§‘β€πŸŽ„πŸ§‘β€πŸŽ„ Snow White and the Seven Dwarves
13%
⭐πŸͺ–πŸ”« Star Wars
13%
πŸ›£πŸ›£πŸ›£πŸ›£πŸ›£πŸ›£πŸ›£πŸ›£πŸŽ€πŸ«… 8 Mile
7%
πŸ“ΈπŸ¦Š fantastic mr. fox
7%
βœ‹πŸŒ•πŸ» Five Nights At Freddy's
7%
πŸ•΄πŸ”«πŸ›€πŸ€–πŸ•Ή The matrix
7%
πŸ§‘β€πŸ¦½πŸΊπŸ‘πŸ§² X-men
7%
🧍🦯🌹 Citizen Kane
0%
πŸ’€πŸ§± die hard
0%
β›±πŸ”΅πŸ‘πŸͺ± Dune
0%
🀠πŸͺ–πŸ’£ oppenheimer
0%
No matching quizzes found
Score Distribution
Percent of People with Each Score
Percentile by Number Answered
Your Score History
You have not taken this quiz